Advanced accounts (Record no. 3791)

000 -LEADER
fixed length control field 00583nam a22002291 4500
001 - CONTROL NUMBER
control field 3791
003 - CONTROL NUMBER IDENTIFIER
control field BD-DhUET
008 - FIXED-LENGTH DATA ELEMENTS--GENERAL INFORMATION
fixed length control field 740123s1966 ii k 000 0 eng
020 ## - INTERNATIONAL STANDARD BOOK NUMBER
International Standard Book Number 8121902789
040 ## - CATALOGING SOURCE
Original cataloging agency DLC
Transcribing agency DLC
Modifying agency BD-DhUET
082 00 - DEWEY DECIMAL CLASSIFICATION NUMBER
Classification number 657
Item number SHU/1999
100 1# - MAIN ENTRY--PERSONAL NAME
Personal name Shukla, M. C.
245 10 - TITLE STATEMENT
Title Advanced accounts
Statement of responsibility, etc. by M. C. Shukla and T. S. Grewal
250 ## - EDITION STATEMENT
Edition statement 14th ed.
260 ## - PUBLICATION, DISTRIBUTION, ETC. (IMPRINT)
Place of publication, distribution, etc. New Delhi
Name of publisher, distributor, etc. S, chand
Date of publication, distribution, etc. 1999
300 ## - PHYSICAL DESCRIPTION
Extent v.p.
Other physical details ill.
Dimensions 25 cm.
504 ## - BIBLIOGRAPHY, ETC. NOTE
Bibliography, etc Includes bibliographies
650 #0 - SUBJECT ADDED ENTRY--TOPICAL TERM
Topical term or geographic name as entry element Accounting
700 ## - ADDED ENTRY--PERSONAL NAME
Personal name Grewal, T. S.
700 ## - ADDED ENTRY--PERSONAL NAME
Personal name Gupta, S. C.
942 ## - ADDED ENTRY ELEMENTS (KOHA)
Koha item type General Book
Holdings
Not for loan Location (home branch) Lost status Koha date last seen Piece designation (barcode) Koha item type Source of classification or shelving scheme Shelving location Damaged status Withdrawn status Koha full call number Koha normalized classification for sorting Copy number Date acquired Sublocation or collection (holding branch) Price effective from
 Central Library, BUET 2014-11-0593656General Book Circulation section  657/SHU/1999657SHU199912014-11-05Central Library, BUET2014-11-05
 Central Library, BUET 2014-11-0593657General Book Circulation section  657/SHU/1999657SHU199922014-11-05Central Library, BUET2014-11-05
 Central Library, BUET 2014-11-0593658General Book Circulation section  657/SHU/1999657SHU199932014-11-05Central Library, BUET2014-11-05
 Central Library, BUET 2014-11-0593659General Book Circulation section  657/SHU/1999657SHU199942014-11-05Central Library, BUET2014-11-05
 Central Library, BUET 2014-11-0593660General Book Circulation section  657/SHU/1999657SHU199952014-11-05Central Library, BUET2014-11-05
 Central Library, BUET 2014-11-0593661General Book Circulation section  657/SHU/1999657_000000000000000_SHU_199962014-11-05Central Library, BUET2014-11-05
 Central Library, BUET 2014-11-0593662General Book Circulation section  657/SHU/1999657SHU199972014-11-05Central Library, BUET2014-11-05
 Central Library, BUET 2014-11-0593655General Book Circulation section  657/SHU/1999657_000000000000000_SHU_199982014-11-05Central Library, BUET2014-11-05
 Central Library, BUET 2015-06-2093654Reading Item Reading section  657/SHU/1999657_000000000000000_SHU_199992015-06-20Central Library, BUET2015-06-20
 Central Library, BUET 2015-06-2093653Reading Item Reading section  657/SHU/1999657_000000000000000_SHU_1999102015-06-20Central Library, BUET2015-06-20